000 00811nam a22001937a 4500
008 231102s2023 xxk|||||o|||| 00| 0 eng d
041 _aeng
110 _aRoyal Institution of Chartered Surveyors
245 _aUK Commercial Property Monitor
_bQ2 2023
_h[Electronic resource]
260 _aLondon,
_bRoyal Institution of Chartered Surveyors,
_c2023
490 _aRICS UK Commercial Property Monitor
_vQ2 2023
520 _aRICS Q2 UK Commercial Property Monitor
650 _aCOMMERCIAL PROPERTY
651 _aUnited Kingdom
690 _96227
_aCommercial property
710 _aRoyal Institution of Chartered Surveyors
856 _uhttps://www.rics.org/content/dam/ricsglobal/documents/market-surveys/Q2%202023%20RICS%20UK%20Commercial%20Propety%20Monitor.pdf
_zAvailable free on RICS.org
942 _n0
999 _c121695
_d121695